000 00637nam a22002177a 4500
005 20251108175118.0
008 250721s2012 xx 000 0 ara d
082 1 4 _a755/هرل
100 1 _aهرل، إيستل
245 1 0 _aمريم العذراء في الفن /
264 1 _aالقاهرة :
_bكتاب اليوم،
_c2012.
300 _a144ص.
490 0 _aكتاب اليوم
650 1 7 _aالفن التشكيلي
650 1 7 _aاللوحات الفنية
650 1 7 _aالمسيح
653 _aمريم العذراء
700 1 _aخضيري، الحسين
_eمترجم
942 _2ddc
_cBK
999 _c126451
_d126451